Ο Πελοποννησιακός Πόλεμος - Statistics

General Stats
  • This quiz has been taken 180 times
  • The average score is 9 of 22
Answer Stats
Στοιχείο Απάντηση % Correct
Σημαντική πόλη-κράτος με μεγάλη ναυτική δύναμη και ηγέτιδα της μιας πλευράς Αθήνα
98%
Ισχυρή πόλη-κράτος με τον καλύτερο στρατό ξηράς, αρχηγός της άλλης πλευράς Σπάρτη
92%
Μορφή διακυβέρνησης που γεννήθηκε εκεί για πρώτη φορά Δημοκρατία
90%
Πολιτικός που πρωτοστάτησε στο «Χρυσό Αιώνα» της πόλης του Περικλής
85%
Μνημείο διεθνούς φήμης και απήχησης που ολοκληρώθηκε με πρωτοβουλία του Παρθενώνας
66%
Κύρια πηγή των γεγονότων, θεωρείται ο πατέρας της επιστημονικής ιστοριογραφίας Θουκυδίδης
58%
Μορφή διακυβέρνησης την οποία στήριζε και προωθούσε αυτή η πλευρά Ολιγαρχία
55%
Νησί της Μεσογείου με ελληνικές αποικίες στο οποίο διεξήχθη «Εκστρατεία» Σικελία
50%
Γιγάντιες οχυρώσεις που ένωναν το λιμάνι του Πειραιά με το κέντρο της πόλης Μακρά Τείχη
43%
Πόλεις των οποίων η διαμάχη οδήγησε στο ξέσπασμα του πολέμου Κόρινθος - Κέρκυρα
34%
Οδήγησε στο θάνατο περισσότερους από 30.000 πολίτες και τον ηγέτη τους Λοιμός των Αθηνών
31%
Σημαντική αποικία στο εν λόγω νησί, αργότερα γενέτειρα του Αρχιμήδη Συρακούσες
28%
Αμφιλεγόμενος πολιτικός που άλλαξε πλευρές επανειλλημμένα και καθοριστικά Αλκιβιάδης
27%
Τοπική συμμαχία όπου η παραπάνω κατείχε ηγετική θέση Πελοποννησιακή Συμμαχία
26%
Συμμαχία υπό την ηγεσία της, δημιουργήθηκε αρχικά για άμυνα έναντι των Περσών Συμμαχία της Δήλου
17%
Τελική και αποφασιστική μάχη/ναυμαχία του πολέμου (405 π.Χ) Αιγός Ποταμοί
17%
Βασιλιάς ο οποίος έδωσε το όνομα του στην πρώτη φάση του πολέμου (431-421) Αρχίδαμος ο Β'
15%
Ικανότατος νάυαρχος, η ηγεσία του οποίου οδήγησαν την πλευρά του στην νίκη Λύσανδρος
10%
Πόλη της Μακεδονίας στη μάχη της οποίας φέρεται να συμμετείχε ο Σωκράτης Αμφίπολη
7%
Εκεχειρία που σήμανε τη λήξη της πρώτης φάσης του πολέμου Νικίειος Ειρήνη
6%
Αιματηρό γεγονός όπου εκτελέστηκαν όλοι οι άντρες του νησιού Σφαγή της Μήλου
6%
Σημαντικός λόγος που εκφώνησε στο τέλος του πρώτου έτους του πολέμου Περικλέους Επικήδειος
4%
No matching quizzes found
Score Distribution
Percent of People with Each Score
Percentile by Number Answered
Your Score History
You have not taken this quiz